AWS Welder Skill Standards & Credentials <U+0097> SENSE & Certified Welder <U+0097> Steve Houston

Uloženo v:
Podrobná bibliografie
Další autoři: Canal AWSOnline / YouTube
Médium: Kniha
Jazyk:angličtina
Témata:
On-line přístup:AWS Welder Skill Standards & Credentials <U+0097> SENSE & Certified Welder <U+0097> Steve Houston
Tagy: Přidat tag
Žádné tagy, Buďte první, kdo vytvoří štítek k tomuto záznamu!

MARC

LEADER 00000nam a22000004a 4500
001 vpro10110
005 20201223000000.0
008 160621s2016 ck # g## #001 0#eng#d
020
022
040 |a CO-BoINGC 
041 0 |a eng 
245 1 0 |a AWS Welder Skill Standards & Credentials <U+0097> SENSE & Certified Welder <U+0097> Steve Houston 
246 |a Credenciales y estǹdares de aptitudes del soldador de la AWS <U+0097> SENSE y soldador certificado <U+0097> Steve Houston 
264 |a Bogot ̀(Colombia) :  |b Revista VirtualPRO,  |c 2016 
520 3
650 \ \ |a Soldadura 
650 \ \ |a Welding 
650 \ \ |a soldadura; soldadura de arco elčtrico 
650 \ \ |a welding; electric arc welding  
700 \ \ |a Canal AWSOnline / YouTube 
856 |z AWS Welder Skill Standards & Credentials <U+0097> SENSE & Certified Welder <U+0097> Steve Houston  |u https://virtualpro.unach.elogim.com/biblioteca/credenciales-y-estandares-de-aptitudes-del-soldador-de-la-aws-sense-y-soldador-certificado-steve-houston